LEADER 01096cam0-2200337---450- 001 990005694280403321 005 20091204111635.0 035 $a000569428 035 $aFED01000569428 035 $a(Aleph)000569428FED01 035 $a000569428 100 $a19990604e19691887km-y0itay50------ba 101 0 $aita 102 $aIT 105 $ay-------001yy 200 1 $a<>libro dei colori$esegreti del sec. 15.$fpubblicati da O. Guerrini e C. Ricci 205 $aRist. fotomecc. 210 $aBologna$cCommissione per i testi di lingua$d1969 215 $aXXVII, 308 p.$d19 cm 225 1 $aScelta di curiosità letterarie inedite o rare dal secolo 13. al 19. in appendice alla Collezione di opere inedite o rare$v222 324 $aRistampa fotomeccanica dell'ed.: Bologna, 1887 676 $a667 702 1$aGuerrini,$bOlindo 702 1$aRicci,$bCorrado$f<1858-1934> 801 0$aIT$bUNINA$gRICA$2UNIMARC 901 $aBK 912 $a990005694280403321 952 $a850.8 SCL 83$bBibl.43707$fFLFBC 959 $aFLFBC 996 $aLibro dei colori$9603119 997 $aUNINA LEADER 01230nam 2200409 450 001 9910150387503321 005 20230808200542.0 010 $a3-8452-7481-6 035 $a(CKB)3710000000943596 035 $a(MiAaPQ)EBC4741776 035 $a(EXLCZ)993710000000943596 100 $a20170815h20162016 uy 0 101 0 $ager 135 $aurcnu|||||||| 181 $2rdacontent 182 $2rdamedia 183 $2rdacarrier 200 00$aAsyl und migration in Europa $erechtliche herausforderungen und perspektiven /$fMarc Bungenberg, Thomas Giegerich, Torsten Stein, editors 205 $a1. Auflage. 210 1$aBaden-Baden, [Germany] :$cNomos Verlagsgesellschaft,$d2016. 210 4$d©2016 215 $a1 online resource (277 pages) 225 0 $aZeitschrift fu?r europarechtliche Studien. Sonderband 311 $a3-8487-3111-8 606 $aAsylum, Right of 615 0$aAsylum, Right of. 676 $a342.083 702 $aBungenberg$b Marc 702 $aGiegerich$b Thomas 702 $aStein$b Torsten 801 0$bMiAaPQ 801 1$bMiAaPQ 801 2$bMiAaPQ 906 $aBOOK 912 $a9910150387503321 996 $aAsyl und migration in Europa$93409464 997 $aUNINA